[Event "CZE-chT2B 1920"]
[Site "Czech Republic"]
[Date "2020.06.18"]
[Round "10.6"]
[White "Hrbolka, Ladislav"]
[Black "Volek, Radomir"]
[Result "1-0"]
[WhiteElo "2069"]
[BlackElo "2101"]
[PlyCount "41"]
[EventDate "2019.10.13"]
[EventType "team-tourn"]
[EventRounds "11"]
[EventCountry "CZE"]
[SourceTitle "EXT 2024"]
[Source "ChessBase"]
[SourceDate "2023.10.10"]
[SourceVersion "1"]
[SourceVersionDate "2023.10.10"]
[SourceQuality "1"]
[WhiteTeam "Udlice"]
[BlackTeam "Podborany"]
[WhiteTeamCountry "CZE"]
[BlackTeamCountry "CZE"]

1. d4 d5 2. Nf3 Nf6 3. c4 e6 4. Nc3 c6 5. cxd5 exd5 6. Bg5 Be7 7. e3 0-0 8. Qc2 Nbd7 9. Bd3 Re8 10. 0-0 h6 11. Bf4 Nh5 12. Be5 Nxe5 13. Nxe5 Nf6 14. f4 Ng4 15. Bh7+ Kf8 16. Rae1 c5 17. Bg6 fxg6 18. Qxg6 Nxe5 19. fxe5+ Kg8 20. Nxd5 Kh8 21. Rf7 1-0

[Event "CZE-chT2B 1819"]
[Site "Czech Republic"]
[Date "2019.03.17"]
[Round "10.1"]
[White "Volek, Radomir"]
[Black "Kusa, Jakub"]
[Result "0-1"]
[WhiteElo "2169"]
[BlackElo "2081"]
[PlyCount "60"]
[EventDate "2018.10.14"]
[EventType "team-tourn"]
[EventRounds "11"]
[EventCountry "CZE"]
[SourceTitle "EXT 2022"]
[Source "ChessBase"]
[SourceDate "2021.10.06"]
[SourceVersion "1"]
[SourceVersionDate "2021.10.06"]
[SourceQuality "1"]
[WhiteTeam "Louny Union"]
[BlackTeam "Karlovy Vary Tietz II"]
[WhiteTeamCountry "CZE"]
[BlackTeamCountry "CZE"]

1. Nf3 e6 2. c4 d5 3. d4 Nf6 4. Nc3 Be7 5. Bg5 Nbd7 6. cxd5 Nxd5 7. Bxe7 Qxe7 8. e4 Nxc3 9. bxc3 c5 10. Bd3 b6 11. 0-0 Bb7 12. Qe2 0-0 13. a4 Nf6 14. a5 Rfd8 15. Rfb1 Qc7 16. h3 bxa5 17. e5 Bxf3 18. Qxf3 Nd5 19. Rb5 cxd4 20. c4 a6 21. Rbxa5 Nb4 22. Qe4 g6 23. f4 Rab8 24. c5 Rd5 25. g4 Nxd3 26. Qxd3 Rxc5 27. Rxa6 Rc1+ 28. Rxc1 Qxc1+ 29. Qf1 Qc2 30. Ra1 d3 0-1

[Event "CZE-chT2B 1819"]
[Site "Czech Republic"]
[Date "2019.01.27"]
[Round "7.1"]
[White "Volek, Radomir"]
[Black "Hrabusa, Matej"]
[Result "0-1"]
[WhiteElo "2169"]
[BlackElo "2402"]
[PlyCount "62"]
[EventDate "2018.10.14"]
[EventType "team-tourn"]
[EventRounds "11"]
[EventCountry "CZE"]
[SourceTitle "EXT 2022"]
[Source "ChessBase"]
[SourceDate "2021.10.06"]
[SourceVersion "1"]
[SourceVersionDate "2021.10.06"]
[SourceQuality "1"]
[WhiteTeam "Louny Union"]
[BlackTeam "Praha Dopravni podnik II"]
[WhiteTeamCountry "CZE"]
[BlackTeamCountry "CZE"]

1. Nf3 c5 2. e4 d6 3. d4 cxd4 4. Nxd4 Nf6 5. Nc3 g6 6. Be3 Bg7 7. f3 0-0 8. Qd2 Nc6 9. 0-0-0 Nxd4 10. Bxd4 Be6 11. Nd5 Bxd5 12. exd5 Qc7 13. Kb1 Rfc8 14. c4 a6 15. Rc1 Qd7 16. h4 b5 17. h5 e5 18. dxe6 Qxe6 19. hxg6 fxg6 20. g4 bxc4 21. g5 Ne4 22. Qh2 Bxd4 23. Bh3 Qe7 24. Bxc8 Rb8 25. Rc2 Nc3+ 26. Ka1 Na4 27. Qd2 Qe5 28. Re1 Bxb2+ 29. Rxb2 Rxb2 30. Rxe5 Rxd2 31. Ra5 Rd1# 0-1

[Event "CZE-chT2B 1819"]
[Site "Czech Republic"]
[Date "2018.12.16"]
[Round "5.1"]
[White "Volek, Radomir"]
[Black "Cap, Adam"]
[Result "0-1"]
[WhiteElo "2169"]
[BlackElo "2248"]
[PlyCount "114"]
[EventDate "2018.10.14"]
[EventType "team-tourn"]
[EventRounds "11"]
[EventCountry "CZE"]
[SourceTitle "EXT 2022"]
[Source "ChessBase"]
[SourceDate "2021.10.06"]
[SourceVersion "1"]
[SourceVersionDate "2021.10.06"]
[SourceQuality "1"]
[WhiteTeam "Louny Union"]
[BlackTeam "Kladno"]
[WhiteTeamCountry "CZE"]
[BlackTeamCountry "CZE"]

1. e4 e5 2. Nf3 Nc6 3. Bc4 Nf6 4. d3 Bc5 5. 0-0 0-0 6. c3 d6 7. b4 Bb6 8. Nbd2 Ne7 9. Bb3 a6 10. Nc4 Ba7 11. Be3 b5 12. Ncd2 Bxe3 13. fxe3 Ng6 14. Qe2 c5 15. bxc5 dxc5 16. a4 Bb7 17. d4 c4 18. Bc2 Qe7 19. d5 Qc5 20. Kh1 Rfb8 21. Rfb1 Bc8 22. h3 Ne8 23. Nf1 Nd6 24. Ng3 f6 25. Nf5 Bxf5 26. exf5 Nf8 27. e4 Nd7 28. Qe1 Qc7 29. Ra2 Nc5 30. Nd2 Qa5 31. Rb4 Qc7 32. Rb1 Ra7 33. axb5 axb5 34. Rba1 Rba8 35. Qb1 Qb6 36. Qb2 Rxa2 37. Rxa2 Rxa2 38. Qxa2 Qa6 39. Qb2 Qa5 40. Kg1 Na6 41. Nb1 h6 42. Kf2 Qb6+ 43. Kf3 Qg1 44. Nd2 b4 45. cxb4 Nb5 46. Nxc4 Qf1+ 47. Ke3 Nd4 48. Nxe5 fxe5 49. Bb1 Qg1+ 50. Kd2 Qxg2+ 51. Kc3 Qxb2+ 52. Kxb2 Kf7 53. Kc3 Nb8 54. d6 Ke8 55. Kc4 Kd7 56. Kd5 Nbc6 57. h4 h5 0-1

[Event "CZE-chT2B 1819"]
[Site "Czech Republic"]
[Date "2018.11.18"]
[Round "3.1"]
[White "Volek, Radomir"]
[Black "Burdalev, Kirill"]
[Result "0-1"]
[WhiteElo "2169"]
[BlackElo "2356"]
[PlyCount "70"]
[EventDate "2018.10.14"]
[EventType "team-tourn"]
[EventRounds "11"]
[EventCountry "CZE"]
[SourceTitle "EXT 2022"]
[Source "ChessBase"]
[SourceDate "2021.10.06"]
[SourceVersion "1"]
[SourceVersionDate "2021.10.06"]
[SourceQuality "1"]
[WhiteTeam "Louny Union"]
[BlackTeam "Podborany"]
[WhiteTeamCountry "CZE"]
[BlackTeamCountry "CZE"]

1. Nf3 Nf6 2. c4 g6 3. Nc3 Bg7 4. d4 0-0 5. g3 c5 6. d5 d6 7. Bg2 e6 8. 0-0 exd5 9. cxd5 Re8 10. Nd2 a6 11. a4 Nbd7 12. Nc4 Ne5 13. Nxe5 Rxe5 14. e4 Re8 15. Re1 Rb8 16. a5 b5 17. axb6 Rxb6 18. Qc2 Bd7 19. Ra2 Qc8 20. Bf4 Ng4 21. Na4 Rb4 22. Bxd6 Bd4 23. Rf1 Bxa4 24. Rxa4 Rxb2 25. Qc1 Rxf2 26. Rxf2 Bxf2+ 27. Kh1 Be3 28. Qe1 Nf2+ 29. Kg1 Nxe4+ 30. Qxe3 Nxd6 31. Qa3 Re1+ 32. Kf2 Qe8 33. Bf3 Rb1 34. g4 Qe1+ 35. Kg2 Qd2+ 0-1

[Event "CZE-chT2B 1819"]
[Site "Czech Republic"]
[Date "2018.10.14"]
[Round "1.1"]
[White "Volek, Radomir"]
[Black "Babicka, Michal"]
[Result "1-0"]
[WhiteElo "2169"]
[BlackElo "2022"]
[PlyCount "57"]
[EventDate "2018.10.14"]
[EventType "team-tourn"]
[EventRounds "11"]
[EventCountry "CZE"]
[SourceTitle "EXT 2022"]
[Source "ChessBase"]
[SourceDate "2021.10.06"]
[SourceVersion "1"]
[SourceVersionDate "2021.10.06"]
[SourceQuality "1"]
[WhiteTeam "Louny Union"]
[BlackTeam "Decin"]
[WhiteTeamCountry "CZE"]
[BlackTeamCountry "CZE"]

1. e4 c5 2. Nf3 d6 3. d4 cxd4 4. Nxd4 Nf6 5. Nc3 g6 6. Bc4 Bg7 7. 0-0 0-0 8. Re1 Nc6 9. Bb3 Nxd4 10. Qxd4 Nd7 11. Qe3 Nc5 12. Qg3 a5 13. Bc4 Be6 14. Nd5 a4 15. a3 b5 16. Bxb5 Qa5 17. Nxe7+ Kh8 18. Bf4 Qxb5 19. Bxd6 Nd7 20. Nd5 Bxd5 21. Bxf8 Rxf8 22. exd5 Qxb2 23. Qc7 Nf6 24. d6 Nd5 25. Qc6 Nc3 26. d7 Qxc2 27. Kh1 Qd2 28. Re8 Nd1 29. d8Q 1-0

[Event "CZE-chT2A 1718"]
[Site "Czech Republic"]
[Date "2018.02.25"]
[Round "9.7"]
[White "Pinkas, Jiri"]
[Black "Volek, Radomir"]
[Result "0-1"]
[WhiteElo "1882"]
[BlackElo "2104"]
[PlyCount "76"]
[EventDate "2017.10.15"]
[EventType "team-tourn"]
[EventRounds "11"]
[EventCountry "CZE"]
[SourceTitle "EXT 2022"]
[Source "ChessBase"]
[SourceDate "2021.10.06"]
[SourceVersion "1"]
[SourceVersionDate "2021.10.06"]
[SourceQuality "1"]
[WhiteTeam "Praha Smichov"]
[BlackTeam "Podborany"]
[WhiteTeamCountry "CZE"]
[BlackTeamCountry "CZE"]

1. Nf3 d5 2. c4 e6 3. g3 Nf6 4. Bg2 Be7 5. 0-0 0-0 6. b3 d4 7. d3 c5 8. Na3 Nc6 9. Nc2 e5 10. Bd2 Bg4 11. a3 a5 12. Rb1 e4 13. Nfe1 Bf5 14. b4 b6 15. bxa5 Nxa5 16. Bg5 Re8 17. Bxf6 Bxf6 18. dxe4 Bxe4 19. Bxe4 Rxe4 20. Qd3 Re6 21. Nf3 Qe8 22. e3 Qa4 23. exd4 Rd8 24. Rfe1 Rxe1+ 25. Rxe1 Nxc4 26. Qe2 g6 27. dxc5 bxc5 28. Qe4 Qa6 29. Qf4 Kg7 30. Re4 Rd1+ 31. Kg2 Nd6 32. Re1 Rxe1 33. Nfxe1 c4 34. Nf3 c3 35. Ne5 Qb7+ 36. Kh3 Ne4 37. f3 Ng5+ 38. Kg2 Qb2 0-1

[Event "CZE-chT2A 1718"]
[Site "Czech Republic"]
[Date "2017.12.17"]
[Round "5.7"]
[White "Hlavac, Rudolf"]
[Black "Volek, Radomir"]
[Result "0-1"]
[WhiteElo "1951"]
[BlackElo "2104"]
[PlyCount "166"]
[EventDate "2017.10.15"]
[EventType "team-tourn"]
[EventRounds "11"]
[EventCountry "CZE"]
[SourceTitle "EXT 2022"]
[Source "ChessBase"]
[SourceDate "2021.10.06"]
[SourceVersion "1"]
[SourceVersionDate "2021.10.06"]
[SourceQuality "1"]
[WhiteTeam "Sokolov"]
[BlackTeam "Podborany"]
[WhiteTeamCountry "CZE"]
[BlackTeamCountry "CZE"]

1. e4 d6 2. d4 g6 3. Nc3 Bg7 4. Nf3 a6 5. Be2 b5 6. a3 Bb7 7. 0-0 Nd7 8. Re1 c5 9. Bf1 cxd4 10. Nxd4 Ngf6 11. f3 0-0 12. Be3 Rc8 13. Qd2 Nb6 14. Bh6 e5 15. Nb3 Qc7 16. Bxg7 Kxg7 17. Qf2 d5 18. Bd3 dxe4 19. Nxe4 Bxe4 20. fxe4 Nc4 21. Rf1 Ng4 22. Qe2 Qb6+ 23. Kh1 Nh6 24. c3 f6 25. Rf3 Nf7 26. Raf1 Ng5 27. Rg3 Ne6 28. Bb1 Rcd8 29. Rgf3 a5 30. Bd3 Nf4 31. Rxf4 exf4 32. Nd4 Rfe8 33. Rxf4 Rxd4 34. cxd4 Qxd4 35. a4 Rd8 36. Bxc4 bxc4 37. Rf1 Rb8 38. Qe1 Rb4 39. Qg3 Qe5 40. Qg4 Qe7 41. Qc8 h5 42. h3 Rxb2 43. Qxc4 Rb4 44. Qd5 Rxa4 45. Re1 Qb4 46. Qd7+ Kh6 47. Qd1 Qc3 48. Qxa4 Qxe1+ 49. Kh2 Qb4 50. Qc6 Qd4 51. Qc1+ g5 52. Qc6 a4 53. Qa8 Kg7 54. Kh1 h4 55. Kh2 Kf7 56. Kh1 Ke6 57. Qe8+ Kd6 58. Qb8+ Kc6 59. Qa8+ Kb5 60. Qb7+ Kc4 61. Qb1 Kc3 62. Qa1+ Kd3 63. Qb1+ Ke3 64. Qe1+ Kf4 65. Qa5 Qa1+ 66. Kh2 Kxe4 67. Qa8+ Kd3 68. Qa6+ Ke3 69. Qc6 Qe5+ 70. Kh1 Qd4 71. Qc1+ Ke2 72. Qc2+ Ke1 73. Qa2 Qd1 74. Kh2 Qd6+ 75. Kh1 a3 76. Kg1 Qb6+ 77. Kh1 Qb2 78. Qe6+ Kd2 79. Qd5+ Kc1 80. Qc4+ Kb1 81. Qd3+ Ka1 82. Kh2 Qe5+ 83. Kh1 Qe1+ 0-1

[Event "CZE-chT2A 1718"]
[Site "Czech Republic"]
[Date "2017.10.15"]
[Round "1.7"]
[White "Kalous, Miroslav"]
[Black "Volek, Radomir"]
[Result "1/2-1/2"]
[WhiteElo "1981"]
[BlackElo "2104"]
[PlyCount "82"]
[EventDate "2017.10.15"]
[EventType "team-tourn"]
[EventRounds "11"]
[EventCountry "CZE"]
[SourceTitle "EXT 2022"]
[Source "ChessBase"]
[SourceDate "2021.10.06"]
[SourceVersion "1"]
[SourceVersionDate "2021.10.06"]
[SourceQuality "1"]
[WhiteTeam "Praha Bohemians II"]
[BlackTeam "Podborany"]
[WhiteTeamCountry "CZE"]
[BlackTeamCountry "CZE"]

1. d4 d5 2. Nf3 c6 3. g3 Nf6 4. Bg2 g6 5. b3 Bg7 6. Bb2 0-0 7. 0-0 Ne4 8. Nbd2 f5 9. e3 Nd7 10. c4 e6 11. Rc1 Qe7 12. Qc2 Bh6 13. Ne1 Qb4 14. Ndf3 Ndf6 15. Nd3 Qa5 16. Nfe5 Bd7 17. f4 Rfd8 18. Rfd1 Bf8 19. a3 Qc7 20. c5 Be8 21. b4 a5 22. Ra1 Ra7 23. Bf1 Rda8 24. Rdc1 Qg7 25. Bc3 Kh8 26. Qb2 Nxc3 27. Qxc3 Ne4 28. Qb2 Qc7 29. Ne1 b5 30. Bd3 axb4 31. axb4 Ra4 32. Bc2 R4a6 33. Rxa6 Rxa6 34. Ra1 Qa7 35. Rxa6 Qxa6 36. Bb3 g5 37. N1d3 h6 38. Qa2 Qxa2 39. Bxa2 Bg7 40. Bb3 Bf6 41. Bc2 Kg7 1/2-1/2

[Event "CZE-chT2A 1617"]
[Site "Czech Republic"]
[Date "2017.03.19"]
[Round "10.8"]
[White "Volek, Radomir"]
[Black "Hajek, Jiri2222"]
[Result "1-0"]
[WhiteElo "2095"]
[BlackElo "2002"]
[PlyCount "93"]
[EventDate "2016.10.09"]
[EventType "team-tourn"]
[EventRounds "11"]
[EventCountry "CZE"]
[SourceTitle "EXT 2022"]
[Source "ChessBase"]
[SourceDate "2021.10.06"]
[SourceVersion "1"]
[SourceVersionDate "2021.10.06"]
[SourceQuality "1"]
[WhiteTeam "Podborany"]
[BlackTeam "Domazlice"]
[WhiteTeamCountry "CZE"]
[BlackTeamCountry "CZE"]

1. e4 e5 2. Nf3 d5 3. exd5 Bd6 4. d4 e4 5. Ne5 Nf6 6. Bb5+ Nbd7 7. Bg5 Qe7 8. Bxd7+ Bxd7 9. Nxd7 Qxd7 10. c4 Ng4 11. Qe2 f6 12. Bd2 0-0-0 13. h3 e3 14. Qxg4 exd2+ 15. Kxd2 f5 16. Qf3 g5 17. Nc3 Bb4 18. Kc2 g4 19. Qd3 Bxc3 20. Qxc3 c6 21. dxc6 Qxc6 22. d5 Qc5 23. Rhf1 Rhe8 24. Rad1 Re4 25. b3 Rde8 26. Kb2 a5 27. Rc1 Re2+ 28. Rc2 a4 29. bxa4 Rxc2+ 30. Kxc2 Re2+ 31. Kd3 Qe7 32. Qd4 Rxa2 33. Qh8+ Kc7 34. Kd4 Qe4+ 35. Kc5 Qe7+ 36. Kd4 Re2 37. Rc1 gxh3 38. gxh3 f4 39. Rg1 Qe4+ 40. Kc5 Qe7+ 41. Kb5 Qd7+ 42. Kb4 Qe7+ 43. Kb3 Rxf2 44. Rg7 Rf3+ 45. Kc2 Rf2+ 46. Kd3 Rf3+ 47. Kd4 1-0

[Event "CZE-chT2A 1516"]
[Site "Czech Republic"]
[Date "2015.12.06"]
[Round "4.6"]
[White "Janocko, Petr"]
[Black "Volek, Radomir"]
[Result "0-1"]
[WhiteElo "2048"]
[BlackElo "2103"]
[PlyCount "88"]
[EventDate "2015.10.18"]
[EventType "team-tourn"]
[EventRounds "11"]
[EventCountry "CZE"]
[SourceTitle "EXT 2022"]
[Source "ChessBase"]
[SourceDate "2021.10.06"]
[SourceVersion "1"]
[SourceVersionDate "2021.10.06"]
[SourceQuality "1"]
[WhiteTeam "Line"]
[BlackTeam "Podborany"]
[WhiteTeamCountry "CZE"]
[BlackTeamCountry "CZE"]

1. d4 d5 2. Nf3 c6 3. g3 Nf6 4. Bg2 Bf5 5. 0-0 e6 6. Nbd2 Nbd7 7. c4 Be7 8. a3 0-0 9. Nh4 Bg6 10. Nxg6 hxg6 11. b4 b5 12. c5 a5 13. Bb2 Qc7 14. e4 dxe4 15. Qe2 axb4 16. axb4 Nd5 17. Bxe4 N7f6 18. Ba3 Nxe4 19. Nxe4 Ra4 20. Qf3 Rfa8 21. Nc3 Nxc3 22. Qxc3 Bf6 23. Bb2 Qd7 24. Rxa4 Rxa4 25. Ra1 Rxa1+ 26. Bxa1 Qd5 27. Bb2 g5 28. Qe3 Qf5 29. Bc3 g4 30. Kg2 Bg5 31. Qe2 Qd5+ 32. Kg1 f5 33. Qf1 f4 34. gxf4 Bxf4 35. Qg2 Qf3 36. Qxf3 gxf3 37. h3 Kf7 38. Kf1 Kg6 39. Ke1 Kf5 40. Kd1 g6 41. Kc2 Ke4 42. h4 Bg3 43. Be1 Bxh4 44. Kc3 Bf6 0-1

[Event "Teplice op 10th"]
[Site "Teplice"]
[Date "2015.06.21"]
[Round "9"]
[White "Volek, Radomir"]
[Black "Sylvan, Jacob"]
[Result "1/2-1/2"]
[WhiteElo "2057"]
[BlackElo "2333"]
[PlyCount "61"]
[EventDate "2015.06.13"]
[EventType "swiss"]
[EventRounds "9"]
[EventCountry "CZE"]
[SourceTitle "EXT 2017"]
[Source "ChessBase"]
[SourceDate "2016.10.25"]
[SourceVersion "1"]
[SourceVersionDate "2016.10.25"]
[SourceQuality "1"]

1. e4 c5 2. Nf3 d6 3. d4 cxd4 4. Nxd4 Nf6 5. Nc3 g6 6. Be3 Bg7 7. f3 0-0 8. Qd2 Nc6 9. 0-0-0 d5 10. Nxc6 bxc6 11. exd5 Nxd5 12. Bd4 e5 13. Bc5 Be6 14. Ne4 Re8 15. c4 Nb6 16. Qxd8 Rexd8 17. Rxd8+ Rxd8 18. b3 Bh6+ 19. Kc2 f5 20. Be7 Rd4 21. Ng5 Bc8 22. Be2 Bg7 23. Bc5 Rd8 24. Rd1 Rxd1 25. Bxd1 h6 26. Nh3 Bf8 27. Be3 f4 28. Bxb6 Bf5+ 29. Kc3 axb6 30. Nf2 Bc5 31. Ne4 1/2-1/2

[Event "CZE-chT2B 1314"]
[Site "Czech Republic"]
[Date "2014.02.16"]
[Round "8.6"]
[White "Volek, Radomir"]
[Black "Purnoch, Josef"]
[Result "0-1"]
[WhiteElo "2081"]
[BlackElo "2152"]
[PlyCount "104"]
[EventDate "2013.11.03"]
[EventType "team-tourn"]
[EventRounds "11"]
[EventCountry "CZE"]
[SourceTitle "EXT 2015"]
[Source "ChessBase"]
[SourceDate "2014.11.20"]
[SourceVersion "1"]
[SourceVersionDate "2014.11.20"]
[SourceQuality "1"]
[WhiteTeam "Litvinov Lom"]
[BlackTeam "Neratovice"]
[WhiteTeamCountry "CZE"]
[BlackTeamCountry "CZE"]

1. e4 Nc6 2. Nf3 Nf6 3. e5 Ng4 4. d4 d6 5. h3 Nh6 6. exd6 Qxd6 7. Nc3 a6 8. d5 Ne5 9. Nxe5 Qxe5+ 10. Qe2 Qxe2+ 11. Bxe2 Nf5 12. Bf4 Nd6 13. Bd3 Bd7 14. f3 0-0-0 15. Ne4 Nxe4 16. fxe4 e6 17. 0-0-0 exd5 18. exd5 Bc5 19. a3 h6 20. b4 Be7 21. c4 Rhe8 22. Rhf1 a5 23. c5 Ba4 24. Bf5+ Kb8 25. d6 cxd6 26. cxd6 Bg5 27. Bxg5 hxg5 28. Rd2 Re3 29. Rf3 Rxf3 30. gxf3 axb4 31. axb4 Bd7 32. Rd5 Bxf5 33. Rxf5 f6 34. f4 gxf4 35. Rxf4 Rxd6 36. Rg4 g5 37. h4 gxh4 38. Rxh4 Kc7 39. Rh8 Kc6 40. Rb8 b6 41. Rh8 Kd5 42. Kc2 Ke4 43. Kc3 Rd5 44. Rh4+ Ke5 45. Rh6 b5 46. Rh8 f5 47. Re8+ Kf4 48. Rc8 Ke4 49. Re8+ Re5 50. Rf8 Ke3 51. Kc2 Rd5 52. Re8+ Kf3 0-1

[Event "CZE-chT2B 1314"]
[Site "Czech Republic"]
[Date "2013.11.17"]
[Round "2.4"]
[White "Volek, Radomir"]
[Black "Sochor, Jiri"]
[Result "1-0"]
[WhiteElo "2081"]
[BlackElo "2277"]
[PlyCount "89"]
[EventDate "2013.11.03"]
[EventType "team-tourn"]
[EventRounds "11"]
[EventCountry "CZE"]
[SourceTitle "EXT 2015"]
[Source "ChessBase"]
[SourceDate "2014.11.20"]
[SourceVersion "1"]
[SourceVersionDate "2014.11.20"]
[SourceQuality "1"]
[WhiteTeam "Litvinov Lom"]
[BlackTeam "Decin"]
[WhiteTeamCountry "CZE"]
[BlackTeamCountry "CZE"]

1. e4 g6 2. d4 Bg7 3. Nf3 d6 4. Nc3 Nf6 5. Be2 0-0 6. 0-0 Nfd7 7. Be3 c6 8. Qd2 e5 9. Rad1 Qe7 10. Bg5 f6 11. Bc4+ Kh8 12. Bh6 Nb6 13. Bb3 Bg4 14. Bxg7+ Kxg7 15. dxe5 dxe5 16. Qd6 Re8 17. a4 a5 18. h3 Qxd6 19. Rxd6 Bc8 20. Rfd1 N8d7 21. Ne1 Nc5 22. Nd3 Nbd7 23. Nxc5 Nxc5 24. Bc4 Ne6 25. Ne2 Kf8 26. b3 Ke7 27. f3 Rb8 28. Kf2 Nd4 29. Nxd4 Kxd6 30. Nxc6+ Kxc6 31. Bb5+ Kc7 32. Bxe8 Bxh3 33. Bxg6 hxg6 34. gxh3 Rh8 35. Rg1 g5 36. Kg3 Kd6 37. Rd1+ Ke6 38. Rd5 f5 39. Rxa5 f4+ 40. Kg2 Rd8 41. Rd5 Rxd5 42. exd5+ Kxd5 43. a5 Kd4 44. b4 Ke3 45. Kf1 1-0

[Event "Teplice op 8th"]
[Site "Teplice"]
[Date "2013.06.22"]
[Round "8"]
[White "Sadilek, Peter"]
[Black "Volek, Radomir"]
[Result "1-0"]
[WhiteElo "2267"]
[BlackElo "2073"]
[PlyCount "91"]
[EventDate "2013.06.15"]
[EventType "swiss"]
[EventRounds "9"]
[EventCountry "CZE"]
[SourceTitle "CBM 155 Extra"]
[Source "ChessBase"]
[SourceDate "2013.08.26"]
[SourceVersion "1"]
[SourceVersionDate "2013.08.26"]
[SourceQuality "1"]

1. d4 Nf6 2. c4 d6 3. Nc3 Nbd7 4. Nf3 e5 5. e4 c6 6. Be2 Be7 7. 0-0 Qc7 8. Be3 Nf8 9. d5 Ng6 10. Ne1 0-0 11. Nd3 a6 12. a4 a5 13. Rc1 c5 14. g3 Bh3 15. Re1 Qd7 16. f3 Nh5 17. f4 exf4 18. gxf4 Nf6 19. Nf2 Rae8 20. f5 Bxf5 21. exf5 Qxf5 22. Bg4 Nxg4 23. Qxg4 Qxg4+ 24. Nxg4 f5 25. Nf2 f4 26. Bd2 Ne5 27. Kg2 Bh4 28. Nce4 Re7 29. Kh3 g5 30. Bc3 Nf3 31. Nf6+ Kf7 32. Rxe7+ Kxe7 33. N2g4 Kf7 34. Kg2 Nd4 35. Bxd4 cxd4 36. c5 h5 37. Nxh5 dxc5 38. Ne5+ Kg8 39. Rxc5 Rf5 40. d6 g4 41. Nd3 f3+ 42. Kf1 Rxc5 43. Nxc5 Kf7 44. Nf4 g3 45. hxg3 Bxg3 46. d7 1-0

[Event "Teplice op 8th"]
[Site "Teplice"]
[Date "2013.06.18"]
[Round "4"]
[White "Tuma, Jan"]
[Black "Volek, Radomir"]
[Result "1/2-1/2"]
[WhiteElo "2303"]
[BlackElo "2073"]
[PlyCount "115"]
[EventDate "2013.06.15"]
[EventType "swiss"]
[EventRounds "9"]
[EventCountry "CZE"]
[SourceTitle "CBM 155 Extra"]
[Source "ChessBase"]
[SourceDate "2013.08.26"]
[SourceVersion "1"]
[SourceVersionDate "2013.08.26"]
[SourceQuality "1"]

1. e4 d6 2. d4 Nf6 3. Nc3 e5 4. Nf3 Nbd7 5. g4 Nxg4 6. Rg1 Ngf6 7. Be3 c6 8. Qd2 b5 9. 0-0-0 Qa5 10. dxe5 dxe5 11. Bd3 b4 12. Nb1 Ba6 13. Bxa6 Qxa6 14. Rg3 0-0-0 15. Qd3 Qxd3 16. cxd3 h6 17. Rg2 Nh5 18. Nbd2 Nf4 19. Bxf4 exf4 20. Nc4 Re8 21. h4 g6 22. Rg4 h5 23. Rxf4 Bh6 24. Ng5 f6 25. Nd6+ Kc7 26. Nxe8+ Rxe8 27. Nh3 Ne5 28. Kc2 Bxf4 29. Nxf4 c5 30. Rg1 Rg8 31. Nxh5 Rh8 32. Nxf6 Rxh4 33. Nd5+ Kb7 34. Rg5 Nf3 35. Rxg6 Rh2 36. Rg7+ Kc6 37. Ne7+ Kb5 38. Kd1 Rh1+ 39. Ke2 Nd4+ 40. Kd2 Rb1 41. Nd5 Rxb2+ 42. Kc1 Rxa2 43. Rh7 Ka4 44. Rxa7+ Kb3 45. Rxa2 Kxa2 46. f4 Ka1 47. Ne3 b3 48. Nc4 Ne2+ 49. Kd2 Nxf4 50. Kc3 Ka2 51. e5 Ne2+ 52. Kd2 Nd4 53. Ke3 b2 54. Nxb2 Kxb2 55. Kf4 Kc3 56. Ke4 Kb4 57. Kd5 Kc3 58. e6 1/2-1/2

[Event "Teplice op 8th"]
[Site "Teplice"]
[Date "2013.06.17"]
[Round "3"]
[White "Volek, Radomir"]
[Black "Hansen, Henrik Damgaard"]
[Result "1-0"]
[WhiteElo "2073"]
[BlackElo "1801"]
[PlyCount "37"]
[EventDate "2013.06.15"]
[EventType "swiss"]
[EventRounds "9"]
[EventCountry "CZE"]
[SourceTitle "CBM 155 Extra"]
[Source "ChessBase"]
[SourceDate "2013.08.26"]
[SourceVersion "1"]
[SourceVersionDate "2013.08.26"]
[SourceQuality "1"]

1. e4 g6 2. d4 Bg7 3. Nf3 d6 4. Nc3 a6 5. Be3 b5 6. Bd3 Bb7 7. a3 Nd7 8. 0-0 c5 9. dxc5 Nxc5 10. Qd2 Qc7 11. Rae1 e6 12. Bxb5+ axb5 13. Nxb5 Qc6 14. Nxd6+ Ke7 15. Bxc5 Qxc5 16. Nxb7 Qb6 17. Qb4+ Qxb4 18. axb4 Rb8 19. Na5 1-0

[Event "CZE-chT2A 1213"]
[Site "Czech Republic"]
[Date "2013.01.20"]
[Round "7.5"]
[White "Satransky, Jaroslav"]
[Black "Volek, Radomir"]
[Result "0-1"]
[WhiteElo "2224"]
[BlackElo "2047"]
[PlyCount "70"]
[EventDate "2012.10.14"]
[EventType "team-tourn"]
[EventRounds "11"]
[EventCountry "CZE"]
[SourceTitle "EXT 2015"]
[Source "ChessBase"]
[SourceDate "2014.11.20"]
[SourceVersion "1"]
[SourceVersionDate "2014.11.20"]
[SourceQuality "1"]
[WhiteTeam "Kladno"]
[BlackTeam "Litvinov Lom"]
[WhiteTeamCountry "CZE"]
[BlackTeamCountry "CZE"]

1. e4 e5 2. Nf3 Nc6 3. Bc4 Bc5 4. c3 Nf6 5. d4 exd4 6. e5 d5 7. Bb5 Ne4 8. cxd4 Bb4+ 9. Kf1 0-0 10. Qa4 a5 11. a3 Be7 12. Nc3 Nxc3 13. bxc3 f6 14. exf6 Rxf6 15. Be3 Qf8 16. Be2 Kh8 17. Qc2 a4 18. Ng5 Bf5 19. Bd3 g6 20. h4 Na5 21. Nf3 Nc4 22. Bg5 Bxd3+ 23. Qxd3 Rf5 24. Re1 Re8 25. Rh3 Bxa3 26. Rxe8 Qxe8 27. h5 Qe4 28. Qd1 gxh5 29. Rh4 Nb2 30. Qd2 Qb1+ 31. Ne1 Nd3 32. Qxd3 Qxd3+ 33. Nxd3 Rxg5 34. Nf4 Bb2 35. Ne6 Rf5 0-1

[Event "Ricany op"]
[Site "Ricany"]
[Date "2012.08.29"]
[Round "5"]
[White "Sodoma, Jan"]
[Black "Volek, Radomir"]
[Result "1-0"]
[WhiteElo "2386"]
[BlackElo "2057"]
[PlyCount "63"]
[EventDate "2012.08.26"]
[EventType "swiss"]
[EventRounds "9"]
[EventCountry "CZE"]
[SourceTitle "CBM 150 Extra"]
[Source "ChessBase"]
[SourceDate "2012.10.19"]
[SourceVersion "1"]
[SourceVersionDate "2012.10.19"]
[SourceQuality "1"]

1. d4 Nf6 2. c4 e6 3. Nc3 Bb4 4. Qc2 d5 5. cxd5 exd5 6. Bg5 c5 7. dxc5 Qa5 8. Bxf6 gxf6 9. e3 Be6 10. Nf3 Nd7 11. c6 bxc6 12. Be2 Ne5 13. 0-0 0-0 14. Na4 Rfc8 15. a3 Bf8 16. b4 Qc7 17. Rfc1 Nxf3+ 18. Bxf3 Qe5 19. g3 a5 20. Nb6 axb4 21. Nxc8 Rxc8 22. axb4 Bxb4 23. Be2 c5 24. Ra4 Rb8 25. Rb1 Bd7 26. Ra7 Bh3 27. Bf1 Bf5 28. Bd3 Bh3 29. Bxh7+ Kf8 30. Bd3 c4 31. Bxc4 dxc4 32. Qh7 1-0